000 00903cam a2200265 4500
008 090401t1997 xxu||||| |||| 00| 0 eng d
020 _a041921240X
035 _a(Sirsi) u77650
041 _aeng
050 _a725.23
100 _aRaymond, Santa
245 _aTomorrow`s office : creating effective and humane interiors.
260 _aLondon
_bE & E N Spon
_c1997
300 _avii,200p. : ill. ; 27cm.
350 _a39.95
520 _aProvides examples of how the workplace can respond to the demands placed by technology, globalisation and competition to produce better office interiors and therefore an effective workplace.
650 _aBUILT ENVIRONMENT-CONSTRUCTION DESIGN
650 _aINTERIOR DESIGN
650 _aOFFICE DESIGN
650 _aOFFICES
690 _aBUILT ENVIRONMENT-CONSTRUCTION DESIGN
700 _aCunliffe, Raymond
942 _n0
948 _c08/04/1997
999 _c96339
_d96339